<?xml version="1.0" encoding="UTF-8"?>
<record
    xmlns:xsi="http://www.w3.org/2001/XMLSchema-instance"
    xsi:schemaLocation="http://www.loc.gov/MARC21/slim http://www.loc.gov/standards/marcxml/schema/MARC21slim.xsd"
    xmlns="http://www.loc.gov/MARC21/slim">

  <leader>04597njm a2200277Ia 4500</leader>
  <controlfield tag="001">F0738</controlfield>
  <controlfield tag="003">IT-RoPAU</controlfield>
  <controlfield tag="005">20220918181119.0</controlfield>
  <controlfield tag="008">131025s9999    xx            000 0 und d</controlfield>
  <datafield tag="040" ind1=" " ind2=" ">
    <subfield code="a">IT-RoPAU</subfield>
  </datafield>
  <datafield tag="040" ind1=" " ind2=" ">
    <subfield code="c">IT-RoPAU</subfield>
  </datafield>
  <datafield tag="999" ind1=" " ind2=" ">
    <subfield code="c">99675</subfield>
    <subfield code="d">99675</subfield>
  </datafield>
  <datafield tag="999" ind1=" " ind2=" ">
    <subfield code="b">n.d.</subfield>
  </datafield>
  <datafield tag="100" ind1=" " ind2=" ">
    <subfield code="a">AA.VV.</subfield>
    <subfield code="9">794</subfield>
  </datafield>
  <datafield tag="100" ind1=" " ind2=" ">
    <subfield code="e">Autore musica</subfield>
    <subfield code="9">32345</subfield>
  </datafield>
  <datafield tag="100" ind1=" " ind2=" ">
    <subfield code="g">Codice autore musica SPICS: 12000</subfield>
    <subfield code="9">796</subfield>
  </datafield>
  <datafield tag="245" ind1=" " ind2=" ">
    <subfield code="a">Schonste Wunschkonzert (Das)</subfield>
  </datafield>
  <datafield tag="250" ind1=" " ind2=" ">
    <subfield code="a">1a ed.</subfield>
  </datafield>
  <datafield tag="260" ind1=" " ind2=" ">
    <subfield code="a">GERMANY</subfield>
  </datafield>
  <datafield tag="260" ind1=" " ind2=" ">
    <subfield code="b">PHILIPS</subfield>
    <subfield code="c">1976 [1a Ed.:0]</subfield>
  </datafield>
  <datafield tag="300" ind1=" " ind2=" ">
    <subfield code="a">DISCO</subfield>
  </datafield>
  <datafield tag="500" ind1=" " ind2=" ">
    <subfield code="a">Musica classica. 60 Melodie Classiche Immortali.</subfield>
  </datafield>
  <datafield tag="505" ind1=" " ind2=" ">
    <subfield code="a">Sabeltanz Aus Gajaneh [(Khatchaturian Aram) (3:00)] - Danse macabre op. 40 [(Saint-Saens Camille) (7:00)] - Feuertanz Aus "El amor brujo" [(De Falla Manuel) (5:00)] - Die Schlittschuhlaufer op. 183 [(Waldteufel Emil) (9:00)] - Intermezzo Aus "Notre Dame" [(Schmidt Franz) (4:00)] - Walzer Galopp Aus "Maskerade" [(Khatchaturian Aram) (7:00)] - Intermezzo Aus "Cavalleria rusticana" [(Mascagni Pietro) (3:00)] -Ouverture Zu "Donna Diana"  [(Reznicek Emil Nikolaus Von) (5:00)] - Warschauer Konzert [(Addinsell Richard) (9:00)] - Gefangenenchor Aus "Nabucco" [(Verdi Giuseppe) (4:00)] - Vorspiel Zu "La Traviata" [(1. Und 3. Akt) (Verdi Giuseppe) (7:00)] - Menuett Aus Dem Streichquintett [(Boccherini Luigi) (4:00)] - Humoreske g dur op. 101,7 [(Dvorak Antonin) (3:00)] - Humoreske g dur op. 101,7 [(Hellmesberger Joseph) (6:00)] - Melodie in "F" op. 3,1 [(Rubinstein Anton) (4:00)] - Letzter Fruhling op. 34,2 [(Grieg Edward) (5:00)] - Meditationen Aus "Thais" [(Massenet Jules) (5:00)] - Romanze op. 26 [(Svendsen Johan Severin) (8:00)] - Perpetuum mobile op. 257 [(Strauss Johann Jr.) (3:00)] - Ouverture Zu "Barbier Von Sevilla" [(Rossini Gioachino) (7:00)] - Walzer Aus "Schwanensee" [(Cajkovskij Petr Llijch) (6:00)] - Kronungsmarsch Aus "Der Prophet" [(Meyerbeer Giacomo) (4:00)] - Puppenwalzer Aus "Coppelia" [(Delibes Leo) (3:00)] - Ungarischer Tanz nr. 10 f dur [(Brahms Johannes) (2:00)] - Slawischer Tanz op.  46, nr.  2 [(Dvorak Antonin) (5:00)] - Kanon Und Gigue d dur [(Pachelbel Johann) (6:00)] - Einzug Der Gaste Aus "Tannhauser" [(Wagner Richard) (5:00)] - Tanz Der Stunden Aus "La Gioconda" [(Ponchielli Amilcare) (9:00)] - Dorfschwalben Aus Osterreich [(Strauss Joseph) (9:00)] - Auffoderung Zum Tanz [(Weber Von Carl M.) (11:00)] - Traumerei op.  15 nr.  7 [(Schumann Robert) (3:00)] - Hindulied Aus "Sadko" [(Rimskij-Korsakov Nikolai) (3:00)] - Tanz Der Komodianten Aus "Die Verkaufte Braut" [(Smetana Friedrich) (6:00)] - Ouverture Zu "Leichte Kavallerie" [(Supp&#xE9; Franz Von) (7:00)] - Ouverture Zu "Die Fledermaus" [(Strauss Johann Jr.) (9:00)] - Hochzeitsmarsch Aus "Ein Sommernachtstraum" [(Mendelssohn Felix) (6:00)] - Farandole Aus Der Arlesienne-Suite [(Bizet Georges) (3:00)] - Herzwunden op. 34, 1 Und 4 [(Grieg Edward) (5:00)] - Militarmarsch nr. 1 d dur [(Schubert Franz) (5:00)] - Holzschuhtanz Aus "Zar Und Zimmermann" [(Lortzing Albert) (5:00)] - Ouverture Zu "Die Weisse Dame" [(Boieldieu Francois) (8:00)] - Zwischenaktmusik nr. 3 Ballettmusik nr. 2 Aus "Rosamunde" D. 797 [(Schubert Franz) (11:00)] - Hummelflug Aus "Das Marchen Vom Zaren Saltan" [(Rimskij-Korsakov Nikolai) (4:00)] - Polowetzer Tanze Aus "Furst Igor" [(Borodin Alexandr Porfirievic) (12:00)] - Ungarische Rhapsodie nr. 5 e moll [(Liszt Franz) (28:00)] - Prelude cis moll op. 32 [(Rachmaninov Sergej) (4:00)] - Ouverture Zu "Die Diebische Elster" [(Rossini Gioachino) (6:00)] - Air Aus Der Suite nr. 3 d dur BWV 1068  [(Bach Johann Sebastian) (5:00)] - Serenade (Andante cantabile) Aus Dem Streichquartett f dur op. 3,5 [(Haydn Franz Joseph) (3:00)] - Kavatine op. 85, 3 [(Raff Joachim) (5:00)] - Annen Polka [(Strauss Johann Jr.) (4:00)] - Reigen Seliger Geister Aus "Orpheus Und Eurydike" [(Gluck Christophe Willibald) (6:00)] - Ouverture Zu "Wilhelm Tell" [(Rossini Gioachino) (13:00)] - Blumenwalzer Aus Der "Nussknacker-Suite" op. 71 [(Cajkovskij Petr Llijch) (6:00)] - Ungarischer Tanz nr. 5 g moll [(Brahms Johannes) (3:00)] - Poeme op. 41, 15 [(Fibich Zdenek) (5:00)] - Walzer as dur op. 39, 15 [(Brahms Johannes) (2:00)] - Ouverture Zu "Dichter Und Bauer" [(Supp&#xE9; Franz Von) (7:00)] - Etude e dur op. 10, 3 [(Chopin Fryderyk) (5:00)] - Liebestraum as dur op. 3 [(Liszt Franz) (6:00)] - Walzer Aus Der Streicheserenade c dur [(Cajkovskij Petr Llijch) (4:00)] - Radetzky Marsch op. 288 [(Strauss Johann Sr) (3:00)]</subfield>
  </datafield>
  <datafield tag="650" ind1=" " ind2=" ">
    <subfield code="a">CLASSICA [DISCHI]</subfield>
    <subfield code="e">Codice MATERIA SPICS: 9950</subfield>
    <subfield code="9">1157</subfield>
  </datafield>
  <datafield tag="700" ind1=" " ind2=" ">
    <subfield code="a">AA.VV.</subfield>
    <subfield code="g">Codice interprete SPICS: 12000</subfield>
    <subfield code="e">Interprete</subfield>
    <subfield code="9">32346</subfield>
  </datafield>
  <datafield tag="942" ind1=" " ind2=" ">
    <subfield code="c">MD</subfield>
    <subfield code="2">ddc</subfield>
  </datafield>
  <datafield tag="952" ind1=" " ind2=" ">
    <subfield code="0">0</subfield>
    <subfield code="1">0</subfield>
    <subfield code="4">0</subfield>
    <subfield code="6">F_0738_000000000000000</subfield>
    <subfield code="7">1</subfield>
    <subfield code="a">SPICS</subfield>
    <subfield code="b">SPICS</subfield>
    <subfield code="d">2013-10-25</subfield>
    <subfield code="l">0</subfield>
    <subfield code="o">F0738</subfield>
    <subfield code="r">2013-10-25 00:00:00</subfield>
    <subfield code="w">2013-10-25</subfield>
    <subfield code="y">MD</subfield>
    <subfield code="z">Progr. Ins.: 3277 / N.Vol.: 1 / Copie: 1 - Copia rara: n.d. / date import: 01.01.2014 - By Epidotti, Trombetti, Vaglietti</subfield>
  </datafield>
</record>
